Central Library, Doon University
WEBOPAC (ONLINE PUBLIC ACCESS CATALOGUE)

Digital image processing (Record no. 60997)

MARC details
000 -LEADER
fixed length control field 00491nam a22001937a 4500
005 - DATE & TIME
control field 20260604120916.0
008 - FIXED-LENGTH DATA ELEMENTS--GENERAL INFORMATION
fixed length control field 260604b |||||||| |||| 00| 0 eng d
020 ## - ISBN
International Standard Book Number 9789353062989
Price 1050.00
040 ## - CATALOGING SOURCE
Original cataloging agency Doon University
041 ## - Language
Language English
082 ## - DDC NUMBER
Classification number 621.367
Book Number GON
100 ## - MAIN ENTRY--PERSONAL NAME
Personal name Gonzalez, Rafael C.
245 ## - TITLE STATEMENT
Title Digital image processing
260 ## - PUBLICATION, DISTRIBUTION, ETC. (IMPRINT)
Place of publication, distribution, etc New Delhi
Name of publisher, distributor, etc Pearson
Date of publication, distribution, etc 2025
300 ## - PHYSICAL DESCRIPTION
Pages 1019
650 ## - Subject
Subject Commerce (PM USHA)
700 ## - Added Entry Personal Name
Added Entry Personal Name Woods, Richard E
942 ## - ADDED ENTRY ELEMENTS (KOHA)
Koha item type Books
650 ## - Subject
-- 26705
700 ## - Added Entry Personal Name
-- 3549
952 ## - LOCATION AND ITEM INFORMATION (KOHA)
-- 2026-06-04
952 ## - LOCATION AND ITEM INFORMATION (KOHA)
-- 2026-06-04
Holdings
Withdrawn status Lost status Source of classification or shelving scheme Damaged status Not for loan Location (home branch) Sublocation or collection (holding branch) Date acquired Koha issues (times borrowed) Koha full call number Accession No. Koha date last seen Koha item type
          Doon University Doon University 04.06.2026   621.367 GON 34481 04.06.2026 Books
          Doon University Doon University 04.06.2026   621.367 GON 34482 04.06.2026 Books
Contact : +91-135-2533126 (Library),+91-135-2533105 (Admin Office) , Email : doonlibrary@gmail.com

Powered by Koha